LEADER 01762nam a2200313 u 4500 001 000000028024 003 CaOOAMICUS 005 20150911125512.0 008 960405s1965 sp u000 u lat u 035 $a10728115 040 $aAAR$bita 100 1 $aDenzinger, Heinrich Joseph Dominik,$d1819-1883.$0(OLS)http://pul/name/316 245 10$aEnchiridion symbolorum :$bdefinitionum et declarationum de rebus fidei et morum /$cquod primum edidit Henricus Denzinger et quod funditus retractavit, auxit, notulis ornavit Adolfus Schönmetzer. 250 $aed. 33 emendata et aucta. 260 $aBarcinone :$bHerder,$c1965. 300 $axxxii, 954 p.$c20 cm 610 20$aCatholic Church$lLatin$xCatechisms and creeds.$2//eng$0(OLS)http://pul/subject/16172 610 20$aCatholic Church$xDoctrinal and controversial works.$2//eng$0(OLS)http://pul/subject/16173 610 20$aCatholic Church$xCanons, decretals, etc.$2//eng$0(OLS)http://pul/subject/16174 700 1 $aSchönmetzer, Adolf,$cS.I.$0(OLS)http://pul/name/317 850 $aPUL 852 $aPUL$W1$xDP1 Fondo Ciprotti$y59$m1535 A 32$j38972$nBK-PRI$b $qFondi$B38972$CPULBib$Z2$F38972 $H $81 852 $aPUL$W1$xDP1 Cons. Gen., Altre Classi 1$y22$m488 C 26$j134600$a2. copia$qStampati$B133571$CPULBib$Z2$F133571 $H32924 $82 852 $aPUL$W1$xDP1 Fondo S. Lanza$y121$m3 M 42$j168467$qFondi$B169069$CPULBib$Z2$F169069 $HLAN1635 $82 941 1 $a1 941 1 $a8 961 $aINV: 0758. Fondo Ciprotti 996 $6245$aEnchiridion symbolorum :$bdefinitionum et declarationum de rebus fidei et morum$9(OLS)http://pul/title/376 996 $6260$aBarcinone :$bHerder$9(OLS)http://pul/publisher/48022 LEADER 01415nam a2200325 a 4500 001 000000172741 003 CaOOAMICUS 005 20191004140514.0 008 191004s2019 it aod u000 u ita r 020 $a978-88-328-5077-2* 032 $aLibriCat 040 $aPUL$bita 082 04$a530 100 1 $aRizzolatti, Giacomo.$0(OLS)http://pul/name/82563 245 10$aSpecchi nel cervello : $bcome comprendiamo gli altri dall'interno / $cGiacomo Rizzolatti, Corrado Sinigaglia. 260 $aMilano :$bRaffaello Cortina,$c©2019. 300 $a241 p. :$bill.,form.,graf. ;$c23 cm 490 1 $aScienza e idee ;$v302 504 $aBibliografia p. 267-308. 650 4$aNeuroscienze.$0(OLS)http://pul/subject/35923 700 1 $aSinigaglia, Corrado.$0(OLS)http://pul/name/34686 830 0$aScienza e idee (Raffaello Cortina) ;$v302.$0(OLS)http://pul/title/60185 850 $aPUL 852 $aPUL$W1$xSL Cons. Gen., Altre Classi 3$y75$m612. 8 RIZGI 1$j196684$qDDC 21$B201460$CPULBib$Z2$F201460 $H133526 $82 941 1 $a9 996 $6020$a978-88-328-5077-2*$9(OLS)http://pul/number/166795 996 $6082$a530$9(OLS)http://pul/classification/2228 996 $6245$aSpecchi nel cervello : $bcome comprendiamo gli altri dall'interno / $9(OLS)http://pul/title/213753 996 $6260$aMilano :$bRaffaello Cortina$9(OLS)http://pul/publisher/63509